Music Quiz

Random Music or Song Quiz

Music Clip Challenge II Quiz Stats

 Plays Quiz Updated May 17, 2018

Score 0/47 Timer 11:00
3 Plays Today
Time Interval Song % Correct
0:35-0:38Clocks
70.9%
1:10-1:13Paradise City
68.9%
1:25-1:28Ring of Fire
67.8%
0:50-0:53Wouldn't It Be Nice
61.4%
3:50-3:53Baby Got Back
58.5%
2:10-2:13Message in a Bottle
56.9%
0:00-0:03Highway To Hell
56.8%
1:40-1:43Let's Get It On
55.5%
1:05-1:08Bennie & the Jets
55.3%
0:15-0:18Piano Man
53.1%
1:55-1:58Fly Away
49.1%
0:30-0:33London Calling
47.5%
2:45-2:48Ignition (Remix)
47%
1:35-1:38Don't Stop Till You Get Enough
44.6%
2:50-2:53It's the End of the World As We Know it (And I Feel Fine)
42.9%
1:15-1:18Are You Gonna Be My Girl
39.5%
1:50-1:53Heart-Shaped Box
37.5%
0:25-0:28Buffalo Soldier
36.9%
1:30-1:33Jesus Walks
36.9%
2:35-2:38You Can Call Me Al
33%
3:30-3:33Moondance
30%
3:40-3:43Blister In the Sun
29.4%
3:45-3:48Won't Get Fooled Again
28.7%
0:40-0:43White Room
28.3%
Time Interval Song % Correct
2:55-2:58Killing In the Name
28.2%
1:20-1:23Voodoo Child (Slight Return)
28.1%
2:30-2:33Jeremy
26%
1:00-1:03Break on Through (To the Other Side)
25.8%
2:20-2:23Dirt Off Your Shoulder
25.6%
0:10-0:13The Weight
23.2%
3:35-3:38Time of the Season
21.8%
0:20-0:23Iron Man
20.7%
3:10-3:13Higher Ground
20.5%
2:00-2:03Juicy
19.2%
3:15-3:18B.Y.O.B.
18.8%
0:55-0:58Nuthin' but a 'G' Thang
16.9%
3:05-3:08Rikki Don't Lose That Number
15.7%
2:05-2:08The Great Gig in the Sky
14.7%
2:25-2:28Live Forever
14.2%
3:20-3:23Date Rape
11.9%
0:05-0:08Rebellion (Lies)
11.7%
3:00-3:03YYZ
11.4%
0:45-0:48Doesn't Remind Me
11.1%
3:25-3:28C.R.E.A.M.
8.6%
2:15-2:18Roll Over Beethoven
8%
1:45-1:48The World Is Yours
5.8%
2:40-2:43Fight The Power
4.7%

You're not logged in!

Compare scores with friends on all Sporcle quizzes.
OR
Log In

Sporcle TV

Today on Sporcle TV


Watch our educational content, quiz creation guides, and fun videos on Sporcle TV.

Show Comments

Extras

Top Quizzes Today


Score Distribution

Your Account Isn't Verified!

In order to create a playlist on Sporcle, you need to verify the email address you used during registration. Go to your Sporcle Settings to finish the process.

Report this User

Report this user for behavior that violates our Community Guidelines.

Details: